Electromyographic analysis of the knee extensor muscle during standing up and sitting down on chair in knee osteoarthritis / (Record no. 85641)

MARC details
000 -LEADER
fixed length control field 014560000a22003370004500
003 - CONTROL NUMBER IDENTIFIER
control field EG-GICUC
005 - DATE AND TIME OF LATEST TRANSACTION
control field 20250223033003.0
008 - FIXED-LENGTH DATA ELEMENTS--GENERAL INFORMATION
fixed length control field 070418s2003 ua a f m 000 0 eng d
040 ## - CATALOGING SOURCE
Original cataloging agency EG-GICUC
Language of cataloging eng
Transcribing agency EG-GICUC
041 0# - LANGUAGE CODE
Language code of text/sound track or separate title Eng
049 ## - LOCAL HOLDINGS (OCLC)
Holding library Deposite
097 ## - Thesis Degree
Thesis Level Ph.D
099 ## - LOCAL FREE-TEXT CALL NUMBER (OCLC)
Classification number Cai01.21.03.Ph.D.2003.Mo.E
100 0# - MAIN ENTRY--PERSONAL NAME
Personal name Mohammad Farouk Ali
245 10 - TITLE STATEMENT
Title Electromyographic analysis of the knee extensor muscle during standing up and sitting down on chair in knee osteoarthritis /
Statement of responsibility, etc. Mohammad Farouk Ali ; Supervised Nadia Abd El azeem Faiaz , Mohammad Reda Awad , Yehia Nassef Mohammad
246 15 - VARYING FORM OF TITLE
Title proper/short title تحليل التخطيط الكهربى لعضلة فرد الركبة اثناء الوقوف واثناء الجلوس على كرسى فى حالات التهاب الركبة العظمى المفصلى
260 ## - PUBLICATION, DISTRIBUTION, ETC.
Place of publication, distribution, etc. Cairo :
Name of publisher, distributor, etc. Mohammad Farouk Ali ,
Date of publication, distribution, etc. 2003
300 ## - PHYSICAL DESCRIPTION
Extent 146P :
Other physical details ill ;
Dimensions 30cm
502 ## - DISSERTATION NOTE
Dissertation note Thesis (PH.D.) - Cairo University - Faculty Of Physical Therapy - Department Of Musculoskeletal Disorders
530 ## - ADDITIONAL PHYSICAL FORM AVAILABLE NOTE
Additional physical form available note Issued also as CD
653 #4 - INDEX TERM--UNCONTROLLED
Uncontrolled term EMG
653 #4 - INDEX TERM--UNCONTROLLED
Uncontrolled term Knees osteoarthritis
653 #4 - INDEX TERM--UNCONTROLLED
Uncontrolled term Quadriceps contraction type
700 0# - ADDED ENTRY--PERSONAL NAME
Personal name Mohammad Reda Awad ,
Relator term
700 0# - ADDED ENTRY--PERSONAL NAME
Personal name Nadia Abd El azeem Faiaz ,
Relator term
700 0# - ADDED ENTRY--PERSONAL NAME
Personal name Yehia Nassef Mohammad ,
Relator term
856 ## - ELECTRONIC LOCATION AND ACCESS
Uniform Resource Identifier <a href="http://172.23.153.220/th.pdf">http://172.23.153.220/th.pdf</a>
905 ## - LOCAL DATA ELEMENT E, LDE (RLIN)
Cataloger Enas
Reviser cataloger
905 ## - LOCAL DATA ELEMENT E, LDE (RLIN)
Cataloger Mustafa
Reviser Revisor
942 ## - ADDED ENTRY ELEMENTS (KOHA)
Source of classification or shelving scheme Dewey Decimal Classification
Koha item type Thesis
Holdings
Source of classification or shelving scheme Not for loan Home library Current library Date acquired Full call number Barcode Date last seen Koha item type
Dewey Decimal Classification   المكتبة المركزبة الجديدة - جامعة القاهرة قاعة الرسائل الجامعية - الدور الاول 11.02.2024 Cai01.21.03.Ph.D.2003.Mo.E 01010110040922000 22.09.2023 Thesis
Dewey Decimal Classification   المكتبة المركزبة الجديدة - جامعة القاهرة مخـــزن الرســائل الجـــامعية - البدروم 11.02.2024 Cai01.21.03.Ph.D.2003.Mo.E 01020110040922000 22.09.2023 CD - Rom
Cairo University Libraries Portal Implemented & Customized by: Eng. M. Mohamady Contacts: new-lib@cl.cu.edu.eg | cnul@cl.cu.edu.eg
CUCL logo CNUL logo
© All rights reserved — Cairo University Libraries
CUCL logo
Implemented & Customized by: Eng. M. Mohamady Contact: new-lib@cl.cu.edu.eg © All rights reserved — New Central Library
CNUL logo
Implemented & Customized by: Eng. M. Mohamady Contact: cnul@cl.cu.edu.eg © All rights reserved — Cairo National University Library